Zväz chemického a farmaceutického priemyslu (ZCHFP) SR

Bibliographic Details
Main Author: Jelenčík, Jozef (Author)
Format: Article
Language:Slovak
ISBN:08629567
ISSN:0862-9567
Subjects:

MARC

LEADER 00000nab a2200000 a 4500
001 vtls000691817
003 SK-MaSNL
005 20260303043650.0
008 140228c1999 xo 0 slo
015 |a SNBRB1999/05-11785 
035 |a CLN000043984 
040 |a SNKBUCL  |b slo  |c SNKBUCL  |e AACR2 
041 0 |a slo 
044 |a xo  |c SK 
080 |a 334.78(437.6):66+661.12  |2 1997 
080 |a 66(437.6)  |2 1997 
080 |a 661.12(437.6)  |2 1997 
080 |a 331.882(437.6)  |2 1997 
100 1 |a Jelenčík, Jozef  |4 aut  |9 1031382 
245 1 0 |a Zväz chemického a farmaceutického priemyslu (ZCHFP) SR  |c Jozef Jelenčík 
610 7 |a Zväz chemického a farmaceutického priemyslu Slovenskej republiky  |2 snkbucl  |9 267701 
655 7 |a články z novín a časopisov  |2 snkbucl  |9 267496 
773 0 |t Hospodárske noviny  |g Roč. 7, č. 100 (26.5.1999)  |x 0862-9567 
773 0 |t [Príl.] Slovenský zamestnávateľ  |g Roč. 3, č. 5, s. Z4  |z 08629567 
850 |a Slovenská národná knižnica v Martine 
852 |a SNK  |b KIS3GCP 
958 |a SK 
992 |a RBX 
999 |c 1697821  |d 1699751